<?xml version="1.0" encoding="UTF-8"?>
<record
    xmlns:xsi="http://www.w3.org/2001/XMLSchema-instance"
    xsi:schemaLocation="http://www.loc.gov/MARC21/slim http://www.loc.gov/standards/marcxml/schema/MARC21slim.xsd"
    xmlns="http://www.loc.gov/MARC21/slim">

  <leader>00845nam a22001577a 4500</leader>
  <controlfield tag="003">OSt</controlfield>
  <controlfield tag="005">20161022140518.0</controlfield>
  <controlfield tag="008">161022b        xxu||||| |||| 00| 0 eng d</controlfield>
  <datafield tag="040" ind1=" " ind2=" ">
    <subfield code="c">RUA</subfield>
  </datafield>
  <datafield tag="082" ind1=" " ind2=" ">
    <subfield code="a">VEM SES 2015 B484 Or.1</subfield>
  </datafield>
  <datafield tag="100" ind1=" " ind2=" ">
    <subfield code="9">10838</subfield>
    <subfield code="a">SES SOPHEAK; &#x179F;&#x17C2;&#x179F; &#x179F;&#x17BB;&#x1797;&#x17D0;&#x1780;&#x17D2;&#x179A;&#x17D2;&#x178F;</subfield>
  </datafield>
  <datafield tag="245" ind1=" " ind2=" ">
    <subfield code="a">Servey on common diseases in suckling piglet in cambodia china breeding pig demonstration farm at sen sok district, phnom penh, &#x1780;&#x17B6;&#x179A;&#x17A2;&#x1784;&#x17D2;&#x1780;&#x17C1;&#x178F;&#x1787;&#x17C6;&#x1784;&#x17BA;&#x178A;&#x17C2;&#x179B;&#x1787;&#x17BD;&#x1794;&#x1794;&#x17D2;&#x179A;&#x1791;&#x17C7;&#x179B;&#x17BE;&#x1780;&#x17BC;&#x1793;&#x1787;&#x17D2;&#x179A;&#x17BC;&#x1780;&#x1794;&#x17C6;&#x1794;&#x17C5;&#x178A;&#x17C4;&#x17C7;&#x1793;&#x17C5;&#x179F;&#x17D2;&#x1790;&#x17B6;&#x1793;&#x17B8;&#x1799;&#x17CD;&#x1785;&#x17B7;&#x1789;&#x17D2;&#x1785;&#x17B9;&#x1798;&#x1787;&#x17D2;&#x179A;&#x17BC;&#x1780;&#x1796;&#x17BC;&#x1787;&#x1794;&#x1784;&#x17D2;&#x17A0;&#x17B6;&#x1789;&#x1780;&#x1798;&#x17D2;&#x1796;&#x17BB;&#x1787;&#x17B6;-&#x1785;&#x17B7;&#x1793; &#x1781;&#x178E;&#x17D2;&#x178C;&#x179F;&#x17C2;&#x1793;&#x179F;&#x17BB;&#x1781; &#x179A;&#x17B6;&#x1787;&#x1792;&#x17B6;&#x1793;&#x17B8;&#x1797;&#x17D2;&#x1793;&#x17C6;&#x1796;&#x17C1;&#x1789;</subfield>
  </datafield>
  <datafield tag="260" ind1=" " ind2=" ">
    <subfield code="a">RUA</subfield>
    <subfield code="b">SES</subfield>
    <subfield code="c">2015</subfield>
  </datafield>
  <datafield tag="300" ind1=" " ind2=" ">
    <subfield code="a">xi,42p.</subfield>
    <subfield code="b">ill.</subfield>
    <subfield code="c">29cm.</subfield>
  </datafield>
  <datafield tag="942" ind1=" " ind2=" ">
    <subfield code="2">ddc</subfield>
    <subfield code="c">VEM</subfield>
  </datafield>
  <datafield tag="999" ind1=" " ind2=" ">
    <subfield code="c">10434</subfield>
    <subfield code="d">10434</subfield>
  </datafield>
  <datafield tag="952" ind1=" " ind2=" ">
    <subfield code="0">0</subfield>
    <subfield code="1">0</subfield>
    <subfield code="2">ddc</subfield>
    <subfield code="4">0</subfield>
    <subfield code="6">VEM_SES_2015_000000000000000_B484_OR_1</subfield>
    <subfield code="7">0</subfield>
    <subfield code="9">53593</subfield>
    <subfield code="a">LBB</subfield>
    <subfield code="b">LBB</subfield>
    <subfield code="c">B484</subfield>
    <subfield code="d">2016-10-22</subfield>
    <subfield code="o">VEM SES 2015 B484 Or.1</subfield>
    <subfield code="p">A00803</subfield>
    <subfield code="r">2016-10-22</subfield>
    <subfield code="w">2016-10-22</subfield>
    <subfield code="y">VEM</subfield>
  </datafield>
  <datafield tag="952" ind1=" " ind2=" ">
    <subfield code="0">0</subfield>
    <subfield code="1">0</subfield>
    <subfield code="2">ddc</subfield>
    <subfield code="4">0</subfield>
    <subfield code="6">VEM_SES_2015_000000000000000_B484_OR_2</subfield>
    <subfield code="7">0</subfield>
    <subfield code="9">53594</subfield>
    <subfield code="a">LBB</subfield>
    <subfield code="b">LBB</subfield>
    <subfield code="c">B484</subfield>
    <subfield code="d">2016-10-22</subfield>
    <subfield code="o">VEM SES 2015 B484 Or.2</subfield>
    <subfield code="p">A02582</subfield>
    <subfield code="r">2016-10-22</subfield>
    <subfield code="w">2016-10-22</subfield>
    <subfield code="y">VEM</subfield>
  </datafield>
  <datafield tag="952" ind1=" " ind2=" ">
    <subfield code="0">0</subfield>
    <subfield code="1">0</subfield>
    <subfield code="2">ddc</subfield>
    <subfield code="4">0</subfield>
    <subfield code="6">VEM_SES_2015_000000000000000_B484_OR_3</subfield>
    <subfield code="7">0</subfield>
    <subfield code="9">53595</subfield>
    <subfield code="a">LBB</subfield>
    <subfield code="b">LBB</subfield>
    <subfield code="c">B484</subfield>
    <subfield code="d">2016-10-22</subfield>
    <subfield code="o">VEM SES 2015 B484 Or.3</subfield>
    <subfield code="p">A02537</subfield>
    <subfield code="r">2016-10-22</subfield>
    <subfield code="w">2016-10-22</subfield>
    <subfield code="y">VEM</subfield>
  </datafield>
  <datafield tag="952" ind1=" " ind2=" ">
    <subfield code="0">0</subfield>
    <subfield code="1">0</subfield>
    <subfield code="2">ddc</subfield>
    <subfield code="4">0</subfield>
    <subfield code="6">VEM_SES_2015_000000000000000_B484_OR_4</subfield>
    <subfield code="7">0</subfield>
    <subfield code="9">53596</subfield>
    <subfield code="a">LBB</subfield>
    <subfield code="b">LBB</subfield>
    <subfield code="c">B484</subfield>
    <subfield code="d">2016-10-22</subfield>
    <subfield code="l">1</subfield>
    <subfield code="o">VEM SES 2015 B484 Or.4</subfield>
    <subfield code="p">A02360</subfield>
    <subfield code="r">2017-07-31</subfield>
    <subfield code="s">2017-02-14</subfield>
    <subfield code="w">2016-10-22</subfield>
    <subfield code="y">VEM</subfield>
  </datafield>
  <datafield tag="952" ind1=" " ind2=" ">
    <subfield code="0">0</subfield>
    <subfield code="1">0</subfield>
    <subfield code="2">ddc</subfield>
    <subfield code="4">0</subfield>
    <subfield code="6">VEM_SES_2015_000000000000000_B484_OR_5</subfield>
    <subfield code="7">0</subfield>
    <subfield code="9">53598</subfield>
    <subfield code="a">LBB</subfield>
    <subfield code="b">LBB</subfield>
    <subfield code="c">B484</subfield>
    <subfield code="d">2016-10-22</subfield>
    <subfield code="o">VEM SES 2015 B484 Or.5</subfield>
    <subfield code="p">RUA061416</subfield>
    <subfield code="r">2016-10-22</subfield>
    <subfield code="w">2016-10-22</subfield>
    <subfield code="y">VEM</subfield>
  </datafield>
  <datafield tag="952" ind1=" " ind2=" ">
    <subfield code="0">0</subfield>
    <subfield code="1">0</subfield>
    <subfield code="2">ddc</subfield>
    <subfield code="4">0</subfield>
    <subfield code="6">VEM_SES_2015_000000000000000_B484_OR_6</subfield>
    <subfield code="7">0</subfield>
    <subfield code="9">53599</subfield>
    <subfield code="a">LBB</subfield>
    <subfield code="b">LBB</subfield>
    <subfield code="c">B484</subfield>
    <subfield code="d">2016-10-22</subfield>
    <subfield code="o">VEM SES 2015 B484 Or.6</subfield>
    <subfield code="p">A00408</subfield>
    <subfield code="r">2016-10-22</subfield>
    <subfield code="w">2016-10-22</subfield>
    <subfield code="y">VEM</subfield>
  </datafield>
  <datafield tag="952" ind1=" " ind2=" ">
    <subfield code="0">0</subfield>
    <subfield code="1">0</subfield>
    <subfield code="2">ddc</subfield>
    <subfield code="4">0</subfield>
    <subfield code="6">VEM_SES_2015_000000000000000_B484_OR_7</subfield>
    <subfield code="7">0</subfield>
    <subfield code="9">53601</subfield>
    <subfield code="a">LBB</subfield>
    <subfield code="b">LBB</subfield>
    <subfield code="c">B484</subfield>
    <subfield code="d">2016-10-22</subfield>
    <subfield code="o">VEM SES 2015 B484 Or.7</subfield>
    <subfield code="p">A01269</subfield>
    <subfield code="r">2016-10-22</subfield>
    <subfield code="w">2016-10-22</subfield>
    <subfield code="y">VEM</subfield>
  </datafield>
  <datafield tag="952" ind1=" " ind2=" ">
    <subfield code="0">0</subfield>
    <subfield code="1">0</subfield>
    <subfield code="2">ddc</subfield>
    <subfield code="4">0</subfield>
    <subfield code="6">VEM_SES_2015_000000000000000_B484_OR_8</subfield>
    <subfield code="7">0</subfield>
    <subfield code="9">53603</subfield>
    <subfield code="a">LBB</subfield>
    <subfield code="b">LBB</subfield>
    <subfield code="c">B484</subfield>
    <subfield code="d">2016-10-22</subfield>
    <subfield code="o">VEM SES 2015 B484 Or.8</subfield>
    <subfield code="p">A01784</subfield>
    <subfield code="r">2016-10-22</subfield>
    <subfield code="w">2016-10-22</subfield>
    <subfield code="y">VEM</subfield>
  </datafield>
</record>
